Small business management and entrepreneurship. / (Record no. 6790)
[ view plain ]
| 000 -LEADER | |
|---|---|
| fixed length control field | 01226nam a22002177a 4500 |
| 003 - CONTROL NUMBER IDENTIFIER | |
| control field | OSt |
| 005 - DATE AND TIME OF LATEST TRANSACTION | |
| control field | 20230622144319.0 |
| 008 - FIXED-LENGTH DATA ELEMENTS--GENERAL INFORMATION | |
| fixed length control field | 140603b xxu||||| |||| 00| 0 eng d |
| 020 ## - INTERNATIONAL STANDARD BOOK NUMBER | |
| International Standard Book Number | 9781408017999 |
| 040 ## - CATALOGING SOURCE | |
| Transcribing agency | WIUC |
| 050 ## - LIBRARY OF CONGRESS CALL NUMBER | |
| Classification number | HD62.7.S6 |
| 100 ## - MAIN ENTRY--PERSONAL NAME | |
| Personal name | Stokes, David. |
| 9 (RLIN) | 1823 |
| 245 ## - TITLE STATEMENT | |
| Title | Small business management and entrepreneurship. / |
| Statement of responsibility, etc. | David Stokes ... [et al.] |
| 250 ## - EDITION STATEMENT | |
| Edition statement | 6th ed. |
| 260 ## - PUBLICATION, DISTRIBUTION, ETC. | |
| Place of publication, distribution, etc. | Hampshire : |
| Name of publisher, distributor, etc. | South-Western Cengage Learning, |
| Date of publication, distribution, etc. | 2010. |
| 300 ## - PHYSICAL DESCRIPTION | |
| Extent | xviii, 476p.: |
| Other physical details | ill.; |
| Dimensions | 25cm. |
| 500 ## - GENERAL NOTE | |
| General note | Includes index and glossary. |
| 505 ## - FORMATTED CONTENTS NOTE | |
| Formatted contents note | Contents: Understanding small business and entrepreneurship: Small business in the economy -- Entrepreneurship, the entrepreneur and the owner-manager -- The small business and entrepreneurial environment -- Innovation and the marketplace -- Information and help -- Creating the entrepreneurial small business: Business planning -- Successful small business strategies -- Start-ups and franchises -- Buying an existing business -- Forming and protecting a business -- Managing the entrepreneurial small business: Management of people and resources -- Marketing -- Money -- Business exits and realizing value. |
| 700 ## - ADDED ENTRY--PERSONAL NAME | |
| Personal name | Wilson, Nick. |
| 9 (RLIN) | 1824 |
| 942 ## - ADDED ENTRY ELEMENTS (KOHA) | |
| Source of classification or shelving scheme | Library of Congress Classification |
| Koha item type | Books |
| Withdrawn status | Lost status | Source of classification or shelving scheme | Damaged status | Not for loan | Home library | Current library | Shelving location | Date acquired | Total Checkouts | Full call number | Barcode | Date last seen | Copy number | Price effective from | Koha item type |
|---|---|---|---|---|---|---|---|---|---|---|---|---|---|---|---|
| Library of Congress Classification | WISCONSIN INTERNATIONAL UNIVERSITY COLLEGE, GHANA - MAIN LIBRARY | WISCONSIN INTERNATIONAL UNIVERSITY COLLEGE, GHANA - MAIN LIBRARY | Reference | 23/07/2019 | HD62.7.S6 (6e) | 6483/12 | 23/07/2019 | 1 | 23/07/2019 | Books | |||||
| Library of Congress Classification | WISCONSIN INTERNATIONAL UNIVERSITY COLLEGE, GHANA - MAIN LIBRARY | WISCONSIN INTERNATIONAL UNIVERSITY COLLEGE, GHANA - MAIN LIBRARY | General Stacks | 22/06/2023 | HD62.7.S61(6e) | 9514/215/23 | 22/06/2023 | 2 | 22/06/2023 | Books | |||||
| Library of Congress Classification | WISCONSIN INTERNATIONAL UNIVERSITY COLLEGE, GHANA - MAIN LIBRARY | WISCONSIN INTERNATIONAL UNIVERSITY COLLEGE, GHANA - MAIN LIBRARY | General Stacks | 22/06/2023 | HD62.7.S62(6e) | 9515/216/23 | 22/06/2023 | 3 | 22/06/2023 | Books |
